000 00768na a2200277 4500
001 13583
003 MIRAKIL
005 20181213154826.0
008 161012b tu 000 0
020 _a9786056147418
035 _a13583
040 _aMilas
_btur
_cTR-AnCHP
041 _atur
082 _a956.22654
_bK65p 2010
090 _a956.22654 K65p 2010
100 _aKonuk, Neval
245 _aPendik
_bTüm tarihi ile
_cNeval Konuk
246 _aTüm tarihi ile
260 _aİstanbul
_bGülday Medya Yapım
_c2010
300 _a404 s.
_bres.
_c30 sm.
504 _aKaynakça var.
651 _aPendik (İstanbul)
_xBinalar, yapılar
651 _aPendik (İstanbul)
_xTarihsel yapılar
651 _aPendik (İstanbul)
_xTarih
942 _2ddc
_cBKS
999 _c1547
_d1547